| 000 | 00725cam a22002412 4500 | ||
|---|---|---|---|
| 999 |
_c17304 _d17304 |
||
| 001 | 0000018844 | ||
| 003 | OSt | ||
| 005 | 20181018173430.0 | ||
| 008 | 100808s xx 000 0 eng d | ||
| 020 | _a0702053634: | ||
| 040 |
_aKABU _cKABU |
||
| 050 |
_aRM300 _b.R36 2016 c. 1 |
||
| 245 | 1 | 0 |
_aRang and Dale's pharmacology / _cHumphrey P. Rang ...[et al.] |
| 250 | _a8th ed. | ||
| 260 |
_aPhiladelphia, PA : _bElsevier, _c2016. |
||
| 300 |
_axv, 759 p. _bill. |
||
| 650 | 0 | _aPharmacology. | |
| 650 | 0 | _aDrug therapy. | |
| 700 | 1 | _aRang, Humphrey P. ...[et al.]. | |
| 908 | _a100808 | ||
| 942 |
_2lcc _cBK _e8th _hRM300 _i.R36 2016 c. 1 |
||